000
00210 a2200097 4500
001
55330
100
_a
245
_a
Handmade soap book
260
_a
London
_b
Holland pub
_c
1998
090
_c
34315
_d
34315
942
_a
NUST-CAE
_c
MONOGRAPH
_c
27020
999
_c
290403
_d
290403